América Latina Unión Europea: Documentación de base 2001
Saved in:
| Institution som forfatter: | |
|---|---|
| Format: | Bog |
| Sprog: | spansk |
| Udgivet: |
Santiago
CELARE
2002
|
| Fag: | |
| Tags: |
Tilføj Tag
Ingen Tags, Vær først til at tagge denne postø!
|
MARC
| LEADER | 00000nam a2200000 a 4500 | ||
|---|---|---|---|
| 001 | UCG2072 | ||
| 003 | CL-VaPUC | ||
| 008 | 100610e20020400CL |||||||||||||||||spa|d | ||
| 020 | |a 9567497265 | ||
| 082 | 0 | 4 | |a 327 |b CEN |2 21 |
| 110 | 2 | |a Centro Latinoamericano para las Relaciones con Europa |e author |9 550339 | |
| 245 | 1 | 0 | |a América Latina Unión Europea: Documentación de base 2001 |
| 300 | |a 291 p | ||
| 942 | |c BK | ||
| 945 | |d 20100610 00:00:00 |a dcastane | ||
| 260 | |a Santiago |b CELARE |c 2002 | ||
| 650 | 0 | |a Relaciones Internacionales |9 255740 | |
| 650 | 0 | |a Relaciones culturales |9 320859 | |
| 650 | 0 | |a Política mundial |9 255739 | |
| 650 | 7 | |a SOCIEDADES CIVILES |2 CL-VaPUC |9 351741 | |
| 583 | |a last modification |c 20100610 00:00:00 |k Rodrigo Vera | ||
| 999 | |c 341312 |d 341310 | ||
| 952 | |0 0 |1 0 |4 0 |6 327_000000000000000_CEN_2002 |7 0 |8 P |9 436693 |a BIBDER |b BIBDER |d 2019-11-22 |i 4683749 |o 327 CEN 2002 |p 4683749 |r 2023-01-25 |w 2019-11-22 |y BK |k DER | ||